[Event "April 9 Early 2024"]
[Site "Chess.com"]
[Date "2024.04.09"]
[Round "4"]
[White "Lauda, Alexandr"]
[Black "Nazar Firman"]
[Result "0-1"]
[Board "212"]
[WhiteFideId "13903179"]
[BlackFideId "14104490"]
[WhiteTitle "CM"]
[BlackTitle "GM"]
[WhiteElo "2302"]
[BlackElo "2506"]
[WhiteTeam "MDA"]
[BlackTeam "UKR"]
[WhiteClock "0:00:00"]
[BlackClock "0:00:01"]
[Variant "Standard"]

1. e4 {[%clk 0:03:00]}  c6 {[%clk 0:02:56]} 2. d4 {[%clk 0:02:56]}  d5 {[%clk 0:02:57]} 3. exd5 {[%clk 0:02:54]}  cxd5 {[%clk 0:02:55]} 4. c4 {[%clk 0:02:54]}  Nc6 {[%clk 0:02:54]} 5. Nc3 {[%clk 0:02:51]}  Nf6 {[%clk 0:02:54]} 6. cxd5 {[%clk 0:02:48]}  Nxd5 {[%clk 0:02:55]} 7. Bd3 {[%clk 0:02:45]}  g6 {[%clk 0:02:53]} 8. Nge2 {[%clk 0:02:39]}  Bg7 {[%clk 0:02:52]} 9. Be4 {[%clk 0:02:39]}  Be6 {[%clk 0:02:47]} 10. O-O {[%clk 0:02:38]}  O-O {[%clk 0:02:46]} 11. Re1 {[%clk 0:02:34]}  Qd7 {[%clk 0:02:43]} 12. Nxd5 {[%clk 0:02:12]}  Bxd5 {[%clk 0:02:44]} 13. Nc3 {[%clk 0:02:13]}  Bxe4 {[%clk 0:02:40]} 14. Rxe4 {[%clk 0:02:13]}  Bxd4 {[%clk 0:02:33]} 15. Bh6 {[%clk 0:02:11]}  Rfd8 {[%clk 0:02:32]} 16. Qe2 {[%clk 0:02:03]}  Bf6 {[%clk 0:02:24]} 17. Rd1 {[%clk 0:02:02]}  Qf5 {[%clk 0:02:23]} 18. g4 {[%clk 0:01:48]}  Rxd1+ {[%clk 0:02:19]} 19. Qxd1 {[%clk 0:01:45]}  Qc8 {[%clk 0:01:24]} 20. Nd5 {[%clk 0:01:28]}  Qd8 {[%clk 0:01:03]} 21. Nxf6+ {[%clk 0:01:13]}  exf6 {[%clk 0:01:04]} 22. Qb3 {[%clk 0:00:50]}  Qd7 {[%clk 0:00:34]} 23. Qc3 {[%clk 0:00:34]}  Ne5 {[%clk 0:00:28]} 24. Rxe5 {[%clk 0:00:18]}  fxe5 {[%clk 0:00:21]} 25. Qxe5 {[%clk 0:00:18]}  f6 {[%clk 0:00:20]} 26. Qxf6 {[%clk 0:00:17]}  Rd8 {[%clk 0:00:08]} 27. h3 {[%clk 0:00:15]}  Re8 {[%clk 0:00:06]} 28. Be3 {[%clk 0:00:14]}  Qf7 {[%clk 0:00:03]} 29. Qd4 {[%clk 0:00:12]}  Qg7 {[%clk 0:00:03]} 30. Qb4 {[%clk 0:00:10]}  Qe7 {[%clk 0:00:03]} 31. Qb3+ {[%clk 0:00:10]}  Qe6 {[%clk 0:00:04]} 32. Qc3 {[%clk 0:00:10]}  Qe5 {[%clk 0:00:04]} 33. Bd4 {[%clk 0:00:09]}  Qe1+ {[%clk 0:00:03]} 34. Qxe1 {[%clk 0:00:08]}  Rxe1+ {[%clk 0:00:04]} 35. Kg2 {[%clk 0:00:09]}  b6 {[%clk 0:00:04]} 36. a3 {[%clk 0:00:09]}  Kf7 {[%clk 0:00:05]} 37. Kf3 {[%clk 0:00:09]}  Ke6 {[%clk 0:00:05]} 38. h4 {[%clk 0:00:09]}  Kd5 {[%clk 0:00:05]} 39. Bc3 {[%clk 0:00:09]}  Re7 {[%clk 0:00:05]} 40. Kg3 {[%clk 0:00:08]}  Ke4 {[%clk 0:00:05]} 41. f3+ {[%clk 0:00:08]}  Kd3 {[%clk 0:00:05]} 42. Kf4 {[%clk 0:00:07]}  Rf7+ {[%clk 0:00:05]} 43. Kg5 {[%clk 0:00:07]}  Rxf3 {[%clk 0:00:05]} 44. Kh6 {[%clk 0:00:07]}  Rf7 {[%clk 0:00:05]} 45. g5 {[%clk 0:00:07]}  Ke4 {[%clk 0:00:04]} 46. h5 {[%clk 0:00:07]}  gxh5 {[%clk 0:00:05]} 47. Kxh5 {[%clk 0:00:07]}  Kf5 {[%clk 0:00:02]} 48. Kh6 {[%clk 0:00:06]}  Rc7 {[%clk 0:00:02]} 49. Bf6 {[%clk 0:00:00]}  a6 {[%clk 0:00:01]} 0-1

[Event "April 9 Early 2024"]
[Site "Chess.com"]
[Date "2024.04.09"]
[Round "4"]
[White "Saragih, Arif Rahman"]
[Black "Jimenez, Maria"]
[Result "1-0"]
[Board "215"]
[WhiteFideId "7128266"]
[BlackFideId "3843866"]
[WhiteTitle "FM"]
[BlackTitle "WFM"]
[WhiteElo "2499"]
[BlackElo "2297"]
[WhiteTeam "INA"]
[BlackTeam "PER"]
[WhiteClock "0:00:48"]
[BlackClock "0:01:10"]
[Variant "Standard"]

1. e4 {[%clk 0:02:56]}  c5 {[%clk 0:02:34]} 2. b3 {[%clk 0:02:54]}  Nf6 {[%clk 0:02:28]} 3. Bb2 {[%clk 0:02:54]}  Nxe4 {[%clk 0:02:27]} 4. Nf3 {[%clk 0:02:48]}  d5 {[%clk 0:02:24]} 5. Bb5+ {[%clk 0:02:35]}  Bd7 {[%clk 0:02:23]} 6. Bxd7+ {[%clk 0:02:33]}  Nxd7 {[%clk 0:02:23]} 7. O-O {[%clk 0:02:31]}  e6 {[%clk 0:02:22]} 8. d3 {[%clk 0:02:28]}  Nef6 {[%clk 0:02:22]} 9. Nbd2 {[%clk 0:02:25]}  Be7 {[%clk 0:02:21]} 10. c4 {[%clk 0:02:18]}  O-O {[%clk 0:02:19]} 11. cxd5 {[%clk 0:02:15]}  exd5 {[%clk 0:02:20]} 12. Re1 {[%clk 0:02:12]}  Re8 {[%clk 0:02:20]} 13. d4 {[%clk 0:02:08]}  cxd4 {[%clk 0:02:16]} 14. Nxd4 {[%clk 0:02:06]}  Nc5 {[%clk 0:02:15]} 15. Nf5 {[%clk 0:02:04]}  Nd3 {[%clk 0:02:09]} 16. Rxe7 {[%clk 0:02:01]}  Rxe7 {[%clk 0:02:05]} 17. Bxf6 {[%clk 0:02:01]}  gxf6 {[%clk 0:01:44]} 18. Qg4+ {[%clk 0:01:57]}  Kf8 {[%clk 0:01:43]} 19. Qg7+ {[%clk 0:01:55]}  Ke8 {[%clk 0:01:43]} 20. Qxh7 {[%clk 0:01:51]}  Re1+ {[%clk 0:01:35]} 21. Rxe1+ {[%clk 0:01:49]}  Nxe1 {[%clk 0:01:36]} 22. Qg8+ {[%clk 0:01:46]}  Kd7 {[%clk 0:01:37]} 23. Qxf7+ {[%clk 0:01:44]}  Kc6 {[%clk 0:01:27]} 24. Ne7+ {[%clk 0:01:41]}  Kb5 {[%clk 0:01:24]} 25. a4+ {[%clk 0:01:37]}  Ka6 {[%clk 0:01:23]} 26. Qe6+ {[%clk 0:01:34]}  b6 {[%clk 0:01:22]} 27. Qxe1 {[%clk 0:01:29]}  Qd6 {[%clk 0:01:22]} 28. Qe2+ {[%clk 0:01:23]}  Kb7 {[%clk 0:01:21]} 29. Ng6 {[%clk 0:01:21]}  Rg8 {[%clk 0:01:18]} 30. Qh5 {[%clk 0:01:16]}  f5 {[%clk 0:01:13]} 31. Qh7+ {[%clk 0:01:13]}  Ka6 {[%clk 0:01:13]} 32. Qxg8 {[%clk 0:01:09]}  Qb4 {[%clk 0:01:14]} 33. Qxd5 {[%clk 0:00:52]}  Qg4 {[%clk 0:01:11]} 34. Qb5+ {[%clk 0:00:50]}  Kb7 {[%clk 0:01:10]} 35. Ne7 {[%clk 0:00:48]} 1-0

[Event "April 9 Early 2024"]
[Site "Chess.com"]
[Date "2024.04.09"]
[Round "4"]
[White "Ram, Jwalanthi"]
[Black "Ganzhurov, Roman"]
[Result "0-1"]
[Board "216"]
[WhiteFideId "30981301"]
[BlackFideId "4179501"]
[WhiteTitle "WCM"]
[BlackTitle "FM"]
[WhiteElo "2277"]
[BlackElo "2497"]
[WhiteTeam "USA"]
[BlackTeam "RUS"]
[WhiteClock "0:00:00"]
[BlackClock "0:01:14"]
[Variant "Standard"]

1. c4 {[%clk 0:03:00]}  g6 {[%clk 0:02:59]} 2. Nc3 {[%clk 0:03:00]}  Bg7 {[%clk 0:03:00]} 3. g3 {[%clk 0:03:01]}  e5 {[%clk 0:02:59]} 4. Bg2 {[%clk 0:03:01]}  c6 {[%clk 0:02:59]} 5. e4 {[%clk 0:03:00]}  d6 {[%clk 0:02:58]} 6. Nge2 {[%clk 0:03:01]}  Ne7 {[%clk 0:02:57]} 7. O-O {[%clk 0:03:01]}  O-O {[%clk 0:02:58]} 8. d3 {[%clk 0:03:02]}  f5 {[%clk 0:02:57]} 9. f4 {[%clk 0:03:01]}  Nd7 {[%clk 0:02:57]} 10. b4 {[%clk 0:02:52]}  Qb6+ {[%clk 0:02:54]} 11. Kh1 {[%clk 0:02:50]}  Qxb4 {[%clk 0:02:55]} 12. a4 {[%clk 0:02:19]}  exf4 {[%clk 0:02:47]} 13. Ba3 {[%clk 0:02:06]}  Qa5 {[%clk 0:02:37]} 14. Bxd6 {[%clk 0:01:35]}  Rf7 {[%clk 0:02:36]} 15. Rc1 {[%clk 0:01:01]}  fxg3 {[%clk 0:02:34]} 16. Bxg3 {[%clk 0:00:54]}  Ne5 {[%clk 0:02:26]} 17. Bxe5 {[%clk 0:00:38]}  Bxe5 {[%clk 0:02:10]} 18. d4 {[%clk 0:00:37]}  Bg7 {[%clk 0:02:10]} 19. d5 {[%clk 0:00:25]}  cxd5 {[%clk 0:01:56]} 20. exd5 {[%clk 0:00:22]}  Bd7 {[%clk 0:01:54]} 21. d6 {[%clk 0:00:18]}  Nc6 {[%clk 0:01:37]} 22. Bd5 {[%clk 0:00:17]}  Rf8 {[%clk 0:01:34]} 23. Bxf7+ {[%clk 0:00:15]}  Rxf7 {[%clk 0:01:35]} 24. Nd5 {[%clk 0:00:15]}  Be5 {[%clk 0:01:26]} 25. Nef4 {[%clk 0:00:12]}  Bxd6 {[%clk 0:01:22]} 26. Re1 {[%clk 0:00:08]}  Ne5 {[%clk 0:01:17]} 27. Nc3 {[%clk 0:00:03]}  Bc6+ {[%clk 0:01:15]} 28. Nfd5 {[%clk 0:00:02]}  Nxc4 {[%clk 0:01:13]} 29. Qb3 {[%clk 0:00:01]}  Bxd5+ {[%clk 0:01:13]} 30. Nxd5 {[%clk 0:00:00]}  Qxd5+ {[%clk 0:01:14]} 0-1

[Event "April 9 Early 2024"]
[Site "Chess.com"]
[Date "2024.04.09"]
[Round "4"]
[White "Kubicka, Anna"]
[Black "Emeliantsev, Anatoliy"]
[Result "1-0"]
[Board "218"]
[WhiteFideId "1152254"]
[BlackFideId "4160681"]
[WhiteTitle "WIM"]
[BlackTitle "FM"]
[WhiteElo "2491"]
[BlackElo "2263"]
[WhiteTeam "POL"]
[BlackTeam "RUS"]
[WhiteClock "0:00:54"]
[BlackClock "0:00:00"]
[Variant "Standard"]

1. d4 {[%clk 0:03:00]}  Nf6 {[%clk 0:02:59]} 2. Bg5 {[%clk 0:03:00]}  Ne4 {[%clk 0:02:59]} 3. Bf4 {[%clk 0:03:00]}  c5 {[%clk 0:02:59]} 4. Nd2 {[%clk 0:02:58]}  Nxd2 {[%clk 0:02:51]} 5. Qxd2 {[%clk 0:02:59]}  cxd4 {[%clk 0:02:51]} 6. Nf3 {[%clk 0:02:53]}  d6 {[%clk 0:02:48]} 7. Bg3 {[%clk 0:02:43]}  e5 {[%clk 0:02:46]} 8. e3 {[%clk 0:02:40]}  dxe3 {[%clk 0:02:39]} 9. Qxe3 {[%clk 0:02:41]}  Be7 {[%clk 0:02:38]} 10. O-O-O {[%clk 0:02:41]}  Qa5 {[%clk 0:02:30]} 11. Kb1 {[%clk 0:02:38]}  O-O {[%clk 0:02:29]} 12. h4 {[%clk 0:02:39]}  Be6 {[%clk 0:02:28]} 13. a3 {[%clk 0:02:29]}  Nc6 {[%clk 0:02:08]} 14. Ng5 {[%clk 0:02:27]}  Nd4 {[%clk 0:01:29]} 15. Nxe6 {[%clk 0:02:18]}  fxe6 {[%clk 0:01:29]} 16. Rxd4 {[%clk 0:02:14]}  exd4 {[%clk 0:01:27]} 17. Qxe6+ {[%clk 0:02:14]}  Rf7 {[%clk 0:01:28]} 18. Bc4 {[%clk 0:02:15]}  Rf8 {[%clk 0:01:01]} 19. Qxe7 {[%clk 0:01:59]}  d5 {[%clk 0:01:01]} 20. Qe5 {[%clk 0:01:59]}  Rf5 {[%clk 0:00:40]} 21. Qe6+ {[%clk 0:01:56]}  Kh8 {[%clk 0:00:39]} 22. Bd3 {[%clk 0:01:52]}  R5f6 {[%clk 0:00:37]} 23. Qe7 {[%clk 0:01:48]}  b5 {[%clk 0:00:29]} 24. Be5 {[%clk 0:01:45]}  R6f7 {[%clk 0:00:28]} 25. Qg5 {[%clk 0:01:31]}  Qb6 {[%clk 0:00:17]} 26. Qh5 {[%clk 0:01:11]}  h6 {[%clk 0:00:00]} 27. Bxd4 {[%clk 0:00:54]} 1-0

[Event "April 9 Early 2024"]
[Site "Chess.com"]
[Date "2024.04.09"]
[Round "4"]
[White "Kiseljova, Marya"]
[Black "Liu, Casper"]
[Result "0-1"]
[Board "220"]
[WhiteFideId "4155009"]
[BlackFideId "1454153"]
[WhiteTitle "WFM"]
[BlackTitle "FM"]
[WhiteElo "2242"]
[BlackElo "2490"]
[WhiteTeam "RUS"]
[BlackTeam "DEN"]
[WhiteClock "0:00:00"]
[BlackClock "0:00:44"]
[Variant "Standard"]

1. d4 {[%clk 0:02:53]}  d5 {[%clk 0:02:59]} 2. Nc3 {[%clk 0:02:50]}  Bg4 {[%clk 0:02:59]} 3. Bf4 {[%clk 0:02:48]}  Nf6 {[%clk 0:02:58]} 4. Nb5 {[%clk 0:02:42]}  Na6 {[%clk 0:02:57]} 5. h3 {[%clk 0:02:27]}  Bh5 {[%clk 0:02:56]} 6. g4 {[%clk 0:02:24]}  Bg6 {[%clk 0:02:56]} 7. a3 {[%clk 0:02:17]}  e6 {[%clk 0:02:54]} 8. Nf3 {[%clk 0:02:15]}  Ne4 {[%clk 0:02:49]} 9. Ne5 {[%clk 0:02:08]}  c6 {[%clk 0:02:48]} 10. Nc3 {[%clk 0:02:04]}  Nxc3 {[%clk 0:02:48]} 11. bxc3 {[%clk 0:02:05]}  Be4 {[%clk 0:02:47]} 12. f3 {[%clk 0:02:04]}  Qh4+ {[%clk 0:02:46]} 13. Kd2 {[%clk 0:02:02]}  Bg6 {[%clk 0:02:46]} 14. Qe1 {[%clk 0:01:50]}  Qd8 {[%clk 0:02:44]} 15. Nxg6 {[%clk 0:01:43]}  hxg6 {[%clk 0:02:44]} 16. e3 {[%clk 0:01:44]}  g5 {[%clk 0:02:40]} 17. Be5 {[%clk 0:01:41]}  Qa5 {[%clk 0:02:34]} 18. Qb1 {[%clk 0:01:34]}  O-O-O {[%clk 0:02:33]} 19. Bxa6 {[%clk 0:01:23]}  Qxa6 {[%clk 0:02:32]} 20. Qb3 {[%clk 0:01:23]}  f6 {[%clk 0:02:32]} 21. Bg3 {[%clk 0:01:22]}  e5 {[%clk 0:02:33]} 22. h4 {[%clk 0:01:18]}  gxh4 {[%clk 0:02:28]} 23. Rxh4 {[%clk 0:01:18]}  Bd6 {[%clk 0:02:23]} 24. a4 {[%clk 0:01:08]}  Rxh4 {[%clk 0:02:22]} 25. Bxh4 {[%clk 0:01:07]}  Rh8 {[%clk 0:02:23]} 26. Bg3 {[%clk 0:01:03]}  Rh3 {[%clk 0:02:14]} 27. Rg1 {[%clk 0:01:02]}  Bc7 {[%clk 0:02:04]} 28. Qb4 {[%clk 0:01:01]}  Rh8 {[%clk 0:01:57]} 29. Qe7 {[%clk 0:00:55]}  Qxa4 {[%clk 0:01:51]} 30. Qxg7 {[%clk 0:00:55]}  Re8 {[%clk 0:01:50]} 31. Qxf6 {[%clk 0:00:55]}  exd4 {[%clk 0:01:45]} 32. Qf5+ {[%clk 0:00:47]}  Kb8 {[%clk 0:01:45]} 33. Bxc7+ {[%clk 0:00:46]}  Kxc7 {[%clk 0:01:46]} 34. Qf7+ {[%clk 0:00:41]}  Kd8 {[%clk 0:01:47]} 35. exd4 {[%clk 0:00:41]}  Qc4 {[%clk 0:01:45]} 36. Qf6+ {[%clk 0:00:25]}  Kc8 {[%clk 0:01:42]} 37. Qf5+ {[%clk 0:00:23]}  Kc7 {[%clk 0:01:41]} 38. Qf7+ {[%clk 0:00:20]}  Kd8 {[%clk 0:01:41]} 39. Qf6+ {[%clk 0:00:20]}  Kc8 {[%clk 0:01:42]} 40. Qf5+ {[%clk 0:00:20]}  Kb8 {[%clk 0:01:41]} 41. Qd3 {[%clk 0:00:19]}  Qa4 {[%clk 0:01:26]} 42. g5 {[%clk 0:00:18]}  Qa5 {[%clk 0:01:27]} 43. g6 {[%clk 0:00:17]}  Qc7 {[%clk 0:01:28]} 44. g7 {[%clk 0:00:17]}  Qf4+ {[%clk 0:01:28]} 45. Kd1 {[%clk 0:00:15]}  Qf7 {[%clk 0:01:23]} 46. Kc1 {[%clk 0:00:08]}  Rg8 {[%clk 0:01:18]} 47. Qg6 {[%clk 0:00:07]}  Qe7 {[%clk 0:00:53]} 48. Qh7 {[%clk 0:00:05]}  Qf7 {[%clk 0:00:47]} 49. Qh2+ {[%clk 0:00:04]}  Ka8 {[%clk 0:00:47]} 50. Qg3 {[%clk 0:00:03]}  a5 {[%clk 0:00:47]} 51. Qg6 {[%clk 0:00:03]}  Qe7 {[%clk 0:00:43]} 52. f4 {[%clk 0:00:00]}  a4 {[%clk 0:00:44]} 0-1

[Event "April 9 Early 2024"]
[Site "Chess.com"]
[Date "2024.04.09"]
[Round "4"]
[White "Hrbek, Stepan"]
[Black "Da Silva, Giovanni B Tavares"]
[Result "1-0"]
[Board "221"]
[WhiteFideId "393479"]
[BlackFideId "22743090"]
[WhiteTitle "IM"]
[WhiteElo "2488"]
[BlackElo "2213"]
[WhiteTeam "CZE"]
[BlackTeam "BRA"]
[WhiteClock "0:00:06"]
[BlackClock "0:00:00"]
[Variant "Standard"]

1. e4 {[%clk 0:03:00]}  c5 {[%clk 0:02:51]} 2. Nc3 {[%clk 0:02:59]}  Nc6 {[%clk 0:02:51]} 3. g3 {[%clk 0:02:56]}  g6 {[%clk 0:02:51]} 4. Bg2 {[%clk 0:02:56]}  Bg7 {[%clk 0:02:52]} 5. d3 {[%clk 0:02:56]}  d6 {[%clk 0:02:51]} 6. f4 {[%clk 0:02:55]}  e5 {[%clk 0:02:51]} 7. Nf3 {[%clk 0:02:54]}  Nge7 {[%clk 0:02:51]} 8. O-O {[%clk 0:02:53]}  O-O {[%clk 0:02:50]} 9. f5 {[%clk 0:02:51]}  gxf5 {[%clk 0:02:47]} 10. Nh4 {[%clk 0:02:52]}  fxe4 {[%clk 0:02:43]} 11. dxe4 {[%clk 0:02:47]}  f5 {[%clk 0:02:41]} 12. exf5 {[%clk 0:02:24]}  Nxf5 {[%clk 0:02:34]} 13. Bd5+ {[%clk 0:02:11]}  Kh8 {[%clk 0:02:32]} 14. Nxf5 {[%clk 0:02:01]}  Bxf5 {[%clk 0:02:23]} 15. Ne4 {[%clk 0:02:01]}  Ne7 {[%clk 0:01:27]} 16. Bg5 {[%clk 0:01:58]}  Qc7 {[%clk 0:01:22]} 17. Bxe7 {[%clk 0:01:36]}  Qxe7 {[%clk 0:01:21]} 18. Qd2 {[%clk 0:01:23]}  Rad8 {[%clk 0:01:08]} 19. Qe3 {[%clk 0:01:09]}  Be6 {[%clk 0:00:57]} 20. Bxe6 {[%clk 0:00:50]}  Qxe6 {[%clk 0:00:57]} 21. Ng5 {[%clk 0:00:50]}  Qg6 {[%clk 0:00:51]} 22. Ne4 {[%clk 0:00:44]}  b6 {[%clk 0:00:42]} 23. c4 {[%clk 0:00:43]}  Rf7 {[%clk 0:00:24]} 24. Rxf7 {[%clk 0:00:29]}  Qxf7 {[%clk 0:00:24]} 25. b3 {[%clk 0:00:27]}  Qg6 {[%clk 0:00:16]} 26. Rd1 {[%clk 0:00:23]}  Bf8 {[%clk 0:00:06]} 27. Rf1 {[%clk 0:00:15]}  Be7 {[%clk 0:00:05]} 28. Nc3 {[%clk 0:00:14]}  Rf8 {[%clk 0:00:05]} 29. Rxf8+ {[%clk 0:00:12]}  Bxf8 {[%clk 0:00:06]} 30. Qf3 {[%clk 0:00:12]}  Be7 {[%clk 0:00:05]} 31. Nd5 {[%clk 0:00:11]}  Bg5 {[%clk 0:00:02]} 32. Qg4 {[%clk 0:00:08]}  Kg7 {[%clk 0:00:02]} 33. h4 {[%clk 0:00:07]}  Bh6 {[%clk 0:00:02]} 34. Qd7+ {[%clk 0:00:06]}  Qf7 {[%clk 0:00:02]} 35. Qxd6 {[%clk 0:00:06]}  Kg8 {[%clk 0:00:01]} 36. Qxe5 {[%clk 0:00:06]}  Kf8 {[%clk 0:00:01]} 37. Qh8+ {[%clk 0:00:06]}  Qg8 {[%clk 0:00:01]} 38. Qf6+ {[%clk 0:00:05]}  Qf7 {[%clk 0:00:00]} 39. Qxh6+ {[%clk 0:00:06]} 1-0

[Event "April 9 Early 2024"]
[Site "Chess.com"]
[Date "2024.04.09"]
[Round "4"]
[White "Senft, Sean"]
[Black "Vila Dupla, Aurelio"]
[Result "0-1"]
[Board "223"]
[WhiteFideId "2044960"]
[BlackFideId "2203383"]
[BlackTitle "FM"]
[WhiteElo "2486"]
[BlackElo "2206"]
[WhiteTeam "USA"]
[BlackTeam "ESP"]
[WhiteClock "0:03:00"]
[BlackClock "0:01:05"]
[Variant "Standard"]

1. d4 {[%clk 0:03:00]}  d5 {[%clk 0:02:58]} 2. c4 {[%clk 0:03:01]}  e6 {[%clk 0:02:57]} 3. Nc3 {[%clk 0:03:02]}  Nf6 {[%clk 0:02:57]} 4. cxd5 {[%clk 0:03:02]}  exd5 {[%clk 0:02:57]} 5. Bg5 {[%clk 0:03:03]}  c6 {[%clk 0:02:53]} 6. e3 {[%clk 0:03:04]}  h6 {[%clk 0:02:51]} 7. Bh4 {[%clk 0:03:04]}  Bf5 {[%clk 0:02:43]} 8. Bd3 {[%clk 0:03:04]}  Bxd3 {[%clk 0:02:42]} 9. Qxd3 {[%clk 0:03:05]}  Nbd7 {[%clk 0:02:42]} 10. Nf3 {[%clk 0:03:06]}  Be7 {[%clk 0:02:42]} 11. O-O {[%clk 0:03:07]}  O-O {[%clk 0:02:42]} 12. Rac1 {[%clk 0:03:08]}  Re8 {[%clk 0:02:41]} 13. Bg3 {[%clk 0:03:08]}  Bf8 {[%clk 0:02:35]} 14. Ne5 {[%clk 0:03:08]}  Nxe5 {[%clk 0:02:34]} 15. Bxe5 {[%clk 0:03:09]}  Nd7 {[%clk 0:02:34]} 16. Bg3 {[%clk 0:03:10]}  Nb6 {[%clk 0:02:34]} 17. Rfe1 {[%clk 0:03:10]}  Bd6 {[%clk 0:02:34]} 18. b3 {[%clk 0:03:10]}  Bxg3 {[%clk 0:02:33]} 19. hxg3 {[%clk 0:03:10]}  a5 {[%clk 0:02:32]} 20. Na4 {[%clk 0:03:10]}  Nxa4 {[%clk 0:02:31]} 21. bxa4 {[%clk 0:03:11]}  h5 {[%clk 0:02:15]} 22. Rb1 {[%clk 0:03:11]}  Rb8 {[%clk 0:02:15]} 23. Rb2 {[%clk 0:03:11]}  h4 {[%clk 0:02:15]} 24. gxh4 {[%clk 0:03:11]}  Qxh4 {[%clk 0:02:14]} 25. Reb1 {[%clk 0:03:12]}  Re7 {[%clk 0:02:00]} 26. Rb5 {[%clk 0:03:12]}  cxb5 {[%clk 0:01:58]} 27. Rxb5 {[%clk 0:03:10]}  g6 {[%clk 0:01:53]} 28. Rxd5 {[%clk 0:03:09]}  Kg7 {[%clk 0:01:53]} 29. Rxa5 {[%clk 0:03:09]}  Rh8 {[%clk 0:01:53]} 30. Kf1 {[%clk 0:03:09]}  Qh1+ {[%clk 0:01:52]} 31. Ke2 {[%clk 0:03:09]}  Qa1 {[%clk 0:01:51]} 32. Qc2 {[%clk 0:03:06]}  Rh1 {[%clk 0:01:49]} 33. Kf3 {[%clk 0:03:07]}  Rg1 {[%clk 0:01:43]} 34. Rb5 {[%clk 0:03:07]}  Qf1 {[%clk 0:01:42]} 35. g3 {[%clk 0:03:06]}  Rg2 {[%clk 0:01:29]} 36. Rc5 {[%clk 0:03:04]}  Rh2 {[%clk 0:01:23]} 37. Qb2 {[%clk 0:03:03]}  Kh7 {[%clk 0:01:20]} 38. Rc8 {[%clk 0:03:03]}  Qd1+ {[%clk 0:01:17]} 39. Kf4 {[%clk 0:03:01]}  Qd3 {[%clk 0:01:05]} 40. g4 {[%clk 0:02:59]}  Qe4+ {[%clk 0:01:05]} 41. Kg3 {[%clk 0:03:00]}  Rg2+ {[%clk 0:01:05]} 42. Kh3 {[%clk 0:03:00]}  Qxg4# {[%clk 0:01:05]} 0-1

[Event "April 9 Early 2024"]
[Site "Chess.com"]
[Date "2024.04.09"]
[Round "4"]
[White "Guliev, Logman"]
[Black "Guzman Lozano, Campo Elias"]
[Result "1-0"]
[Board "224"]
[WhiteFideId "13400061"]
[BlackFideId "4403746"]
[WhiteTitle "IM"]
[BlackTitle "CM"]
[WhiteElo "2484"]
[BlackElo "2195"]
[WhiteTeam "AZE"]
[BlackTeam "COL"]
[WhiteClock "0:01:11"]
[BlackClock "0:00:47"]
[Variant "Standard"]

1. e4 {[%clk 0:03:00]}  c5 {[%clk 0:02:58]} 2. Nf3 {[%clk 0:02:59]}  Nc6 {[%clk 0:02:58]} 3. Bb5 {[%clk 0:02:58]}  Nd4 {[%clk 0:02:57]} 4. Nxd4 {[%clk 0:02:57]}  cxd4 {[%clk 0:02:57]} 5. O-O {[%clk 0:02:58]}  Nf6 {[%clk 0:02:54]} 6. e5 {[%clk 0:02:57]}  Nd5 {[%clk 0:02:53]} 7. Bc4 {[%clk 0:02:55]}  Nb6 {[%clk 0:02:51]} 8. Bb3 {[%clk 0:02:53]}  e6 {[%clk 0:02:51]} 9. d3 {[%clk 0:02:53]}  d5 {[%clk 0:02:51]} 10. Bf4 {[%clk 0:02:48]}  g5 {[%clk 0:02:47]} 11. Bg3 {[%clk 0:02:46]}  h5 {[%clk 0:02:47]} 12. f4 {[%clk 0:02:42]}  h4 {[%clk 0:02:44]} 13. Bf2 {[%clk 0:02:43]}  gxf4 {[%clk 0:02:41]} 14. Bxd4 {[%clk 0:02:42]}  Qg5 {[%clk 0:02:37]} 15. h3 {[%clk 0:02:32]}  Rg8 {[%clk 0:02:36]} 16. Qf3 {[%clk 0:02:28]}  Bd7 {[%clk 0:02:31]} 17. Nd2 {[%clk 0:02:28]}  Rc8 {[%clk 0:02:14]} 18. Rf2 {[%clk 0:02:25]}  Bh6 {[%clk 0:02:08]} 19. Raf1 {[%clk 0:02:04]}  Qg6 {[%clk 0:01:53]} 20. Qe2 {[%clk 0:01:53]}  Rg7 {[%clk 0:01:28]} 21. Nf3 {[%clk 0:01:49]}  Qh5 {[%clk 0:01:26]} 22. Qe1 {[%clk 0:01:40]}  Rg3 {[%clk 0:01:19]} 23. Nh2 {[%clk 0:01:30]}  Re3 {[%clk 0:01:14]} 24. Bxe3 {[%clk 0:01:23]}  fxe3 {[%clk 0:01:13]} 25. Rxf7 {[%clk 0:01:24]}  Qxe5 {[%clk 0:01:07]} 26. Qxh4 {[%clk 0:01:21]}  Qg5 {[%clk 0:01:02]} 27. Rf8+ {[%clk 0:01:12]}  Ke7 {[%clk 0:00:47]} 28. Qb4+ {[%clk 0:01:11]} 1-0